| 000 | 00566nam a2200145 i 4500 | ||
|---|---|---|---|
| 001 | 184321 | ||
| 003 | ES-MaACL | ||
| 005 | 20230906222149.0 | ||
| 008 | 150618s1894 sp |||| | spa d | ||
| 245 | 0 | 0 |
_aEstadística de pesca _b: año 1892 / _cpublicada por la Revista de Pesca Marítima. |
| 260 |
_aMadrid : _b[s.n.], _c1894 ( _fImp. de la Viuda é hija de Fuentenebro) |
||
| 300 |
_a[66] p. ; _c25 cm. |
||
| 650 | 4 |
_aIndustria pesquera- _zEspaña- _vEstadísticas. _9157071 |
|
| 852 |
_aES-MaACL _jT-822-F-7 _z.- Enc. en un vol. facticio conservando la enc. original |
||
| 999 |
_c184321 _d184321 |
||